Los tesoros del arte de los Uffizi y Pitti, Florencia / (Record no. 133083)

MARC details
000 -LEADER
campo de control de longitud fija 00664nam a2200205 i 4500
001 - NÚMERO DE CONTROL
campo de control 133083
003 - IDENTIFICADOR DE NÚMERO DE CONTROL
campo de control ES-MaACL
005 - FECHA Y HORA DE LA ÚLTIMA TRANSACCIÓN
campo de control 20230906194324.0
007 - CAMPO FIJO DE DESCRIPCIÓN FÍSICA--INFORMACIÓN GENERAL
campo de control de longitud fija t|
008 - DATOS DE LONGITUD FIJA--INFORMACIÓN GENERAL
campo de control de longitud fija 070214s1971 sp r ||||1| spa d
100 1# - ENTRADA PRINCIPAL--NOMBRE DE PERSONA
Nombre de persona Rossi, Filippo.
9 (RLIN) 99870
245 14 - MENCIÓN DEL TÍTULO
Título Los tesoros del arte de los Uffizi y Pitti, Florencia /
Mención de responsabilidad, etc. texto de Filippo Rossi ; versión de Jaime Berenguer Amenós.
250 ## - MENCION DE EDICION
Mención de edición 1ª. ed.
260 ## - PUBLICACIÓN, DISTRIBUCIÓN, ETC.
Lugar de publicación, distribución, etc. Barcelona :
Nombre del editor, distribuidor, etc. Vergara,
Fecha de publicación, distribución, etc. 1971.
300 ## - DESCRIPCIÓN FÍSICA
Extensión 43 p., 113 lám. ;
Dimensiones 33 cm.
610 24 - PUNTO DE ACCESO ADICIONAL DE MATERIA--NOMBRE DE ENTIDAD CORPORATIVA
Nombre de entidad corporativa o nombre de jurisdicción como elemento de entrada Galleria degli Uffizi.
9 (RLIN) 145217
610 24 - PUNTO DE ACCESO ADICIONAL DE MATERIA--NOMBRE DE ENTIDAD CORPORATIVA
Nombre de entidad corporativa o nombre de jurisdicción como elemento de entrada Palazzo Pitti.
9 (RLIN) 159996
700 1# - ENTRADA AGREGADA--NOMBRE PERSONAL
Nombre de persona Berenguer Amenós, Jaime.
9 (RLIN) 27893
852 ## - LOCALIZACIÓN
Ubicación ES-MaACL
Número de control de estantería C-40907
Sublocalización o colección R.80278
Holdings
Estatus retirado Estado de pérdida Estado de daño No para préstamo Biblioteca de origen Biblioteca actual Ubicación en estantería Fecha de adquisición Fuente de adquisición Total de préstamos Signatura topográfica completa Código de barras Visto por última vez Precio de reemplazo Tipo de ítem Koha
        Biblioteca del Ateneo de Madrid Biblioteca del Ateneo de Madrid Depósito 2 17/01/2008     C-40907 1138547 23/02/2023 23/02/2023 Libro impreso